John Ibram (Record no. 144613)
[ view plain ]
| 000 -LEADER | |
|---|---|
| fixed length control field | 00620nam a2200205 i 4500 |
| 001 - CONTROL NUMBER | |
| control field | C2-0223488 |
| 003 - CONTROL NUMBER IDENTIFIER | |
| control field | PPAK |
| 005 - DATE AND TIME OF LATEST TRANSACTION | |
| control field | 20180728152331.0 |
| 008 - FIXED-LENGTH DATA ELEMENTS--GENERAL INFORMATION | |
| fixed length control field | 000216s1930 my |||| ||||| | may d |
| 040 ## - CATALOGING SOURCE | |
| Original cataloging agency | PPAK |
| Language of cataloging | eng |
| Transcribing agency | PPAK |
| Description conventions | rda |
| 100 0# - MAIN ENTRY--PERSONAL NAME | |
| Personal name | Haji Muhammad Taib bin Haji Hashim, |
| Relator term | author |
| 245 10 - TITLE STATEMENT | |
| Title | John Ibram |
| Remainder of title | Diakah teruna berhemah tinggi lagi berjasa dan berbakti? |
| 264 #1 - PRODUCTION, PUBLICATION, DISTRIBUTION, MANUFACTURE, AND COPYRIGHT NOTICE | |
| Place of production, publication, distribution, manufacture | Melaka : |
| Name of producer, publisher, distributor, manufacturer | Melaka Latteefiah Press , |
| Date of production, publication, distribution, manufacture, or copyright notice | 1930 |
| 300 ## - PHYSICAL DESCRIPTION | |
| Extent | 100 pages ; |
| Dimensions | 18 cm |
| 336 ## - CONTENT TYPE | |
| Source | rdacontent |
| Content type term | text |
| 337 ## - MEDIA TYPE | |
| Source | rdamedia |
| Media type term | unmediated |
| 338 ## - CARRIER TYPE | |
| Source | rdacarrier |
| Carrier type term | volume |
| 500 ## - GENERAL NOTE | |
| General note | Teks tulisan jawi |
| 942 ## - ADDED ENTRY ELEMENTS (KOHA) | |
| -- | dc |
| Koha item type | Book |
No items available.